Zastave svijeta - Statistics

General Stats
  • This quiz has been taken 4 120 times
    3 862 since last reset
  • The average score is 102 of 196
Answer Stats
Picture Answer % Correct
Grčka
99%
Finska
96%
Švedska
95%
Norveška
93%
Danska
91%
Island
90%
Gruzija
88%
Japan
85%
Kanada
84%
Poljska
84%
Švicarska
84%
Austrija
82%
Indija
82%
Južna Koreja
82%
Sjeverna Makedonija
82%
Kina
80%
Kipar
79%
Malta
79%
Argentina
78%
Turska
78%
Kosovo
77%
Sjedinjene Američke Države
76%
Albanija
75%
Srbija
75%
Hrvatska
74%
Italija
74%
Maroko
74%
Slovačka
74%
Slovenija
74%
Bangladeš
73%
Crna Gora
73%
Indonezija
73%
Meksiko
73%
Rusija
73%
Ujedinjeno Kraljevstvo
73%
Francuska
72%
Irska
72%
Australija
71%
Libanon
71%
Rumunija
71%
Urugvaj
71%
Latvija
70%
Češka
69%
Nizozemska
69%
Čile
68%
Tunis
68%
Vijetnam
68%
Novi Zeland
67%
Pakistan
67%
Španija
67%
Alžir
66%
Monako
66%
Nigerija
66%
Peru
66%
Sjeverna Koreja
66%
Gana
65%
Kazahstan
65%
Luksemburg
65%
Nepal
65%
Belgija
64%
Egipat
64%
Estonija
64%
Panama
64%
Kamerun
62%
Moldavija
62%
Njemačka
62%
Somalija
62%
Bugarska
61%
Iran
61%
Kuba
61%
Senegal
61%
Južna Afrika
60%
Andora
59%
Niger
59%
Bosna i Hercegovina
58%
Etiopija
58%
Filipini
58%
Mađarska
58%
Tajland
57%
Ukrajina
57%
Brazil
56%
Obala Slonovače
56%
Laos
55%
Singapur
55%
Bjelorusija
54%
Čad
54%
Irak
54%
Portugal
54%
Azerbejdžan
53%
Dominikanska Republika
53%
Kirgistan
53%
Kolumbija
53%
Uganda
53%
Venecuela
53%
Mongolija
52%
Jamajka
51%
Kenija
51%
Kostarika
51%
Malezija
51%
Vatikan Siti
51%
Barbados
50%
Fidži
50%
Paragvaj
50%
Sirija
50%
Uzbekistan
50%
Saudijska Arabija
49%
Tajvan
49%
San Marino
48%
Afganistan
47%
Ekvador
47%
Katar
47%
Tonga
47%
Turkmenistan
47%
Armenija
46%
Litvanija
46%
Burkina Faso
45%
Kambodža
45%
Maldivi
45%
Palau
45%
Ujedinjeni Arapski Emirati
45%
Jordan
44%
Mikronezija
44%
Mjanmar
44%
Palestina
43%
Honduras
42%
Libija
42%
Šri Lanka
42%
Zambija
42%
Lihtenštajn
41%
Mali
41%
Papua Nova Gvineja
41%
Butan
40%
Dominika
39%
Kiribati
39%
Togo
39%
Grenada
38%
Oman
38%
Liberija
37%
Madagaskar
37%
Mozambik
37%
Surinam
37%
Angola
36%
Bolivija
36%
Jemen
36%
Kuvajt
36%
Maršalovi otoci
36%
Sveta Lucija
36%
Bahami
35%
Belize
35%
Malavi
35%
Sejšeli
35%
Antigva i Barbuda
34%
Bocvana
34%
Mauritanija
34%
Nauru
34%
Bahrein
33%
El Salvador
33%
Lesoto
33%
Ruanda
33%
Namibija
32%
Sudan
32%
Zimbabve
32%
Gabon
31%
Južni Sudan
31%
Nikaragva
31%
Zelenortski otoci
31%
Demokratska Republika Kongo
30%
Gvineja
30%
Komori
30%
Samoa
30%
Tuvalu
30%
Gvatemala
29%
Istočni Timor
29%
Tadžikistan
29%
Esvatini
28%
Haiti
28%
Džibuti
27%
Eritreja
26%
Brunej
25%
Tanzanija
25%
Trinidad i Tobago
25%
Benin
24%
Ekvatorijalna Gvineja
24%
Gvajana
24%
Vanuatu
24%
Burundi
23%
Sijera Leone
23%
Sveti Vincent i Grenadini
23%
Centralnoafrička Republika
22%
Gambija
22%
Sao Tome i Principe
22%
Mauricijus
21%
Gvineja Bisau
19%
Republika Kongo
18%
Solomonski otoci
18%
Sveti Kits i Nevis
18%
No matching quizzes found
Score Distribution
Percent of People with Each Score
Percentile by Number Answered
Your Score History
You have not taken this quiz since the last reset